书目信息 |
| 题名: |
两膜一苫拱棚种菜新技术
|
|
| 作者: | 王建元 , 王广印 , 马新立 著 | |
| 分册: | ||
| 出版信息: | 北京 金盾出版社 2009 |
|
| 页数: | 112页, 32页图版 | |
| 开本: | 19cm | |
| 丛书名: | ||
| 单 册: | ||
| 中图分类: | S626.4 | |
| 科图分类: | ||
| 主题词: | 蔬菜--塑料大棚--温室栽培 | |
| 电子资源: | ||
| ISBN: | 978-7-5082-4176-0 | |
| 000 | 01000nam0 2200241 450 | |
| 001 | 2362672717 | |
| 005 | 20231212172723.16 | |
| 010 | @a978-7-5082-4176-0@dCNY9.50 | |
| 100 | @a20221013d2009 em y0chiy50 ea | |
| 101 | 0 | @achi |
| 102 | @aCN@b110000 | |
| 105 | @aaf z 000yy | |
| 200 | 1 | @a两膜一苫拱棚种菜新技术@Aliang mo yi shan gong peng zhong cai xin ji shu@f王建元, 王广印, 马新立著 |
| 210 | @a北京@c金盾出版社@d2009 | |
| 215 | @a112页, 32页图版@c图 (部分彩图)@d19cm | |
| 330 | @a本书介绍了用两膜一苫拱棚代替日光温室栽培蔬菜的新技术。内容包括两膜一苫拱棚的建造、两膜一苫拱棚高效益蔬菜种植茬口、蔬菜高产优质栽培十二生态平衡管理技术和两膜一苫拱棚优质蔬菜栽培规程; 并配以68幅彩色照片及简短说明文字, 对两膜一苫拱棚蔬菜栽培的特点及要求作了简要介绍。 | |
| 606 | 0 | @a蔬菜@x塑料大棚@x温室栽培 |
| 690 | @aS626.4@v5 | |
| 701 | 0 | @a王建元@Awang jian yuan@4著 |
| 701 | 0 | @a王广印@Awang guang yin@4著 |
| 701 | 0 | @a马新立@Ama xin li@4著 |
| 801 | 0 | @aCN@b湖北三新@c20221013 |
| 905 | @aBZT@dS626.4@e1 | |
| 两膜一苫拱棚种菜新技术/王建元, 王广印, 马新立著.-北京:金盾出版社,2009 |
| 112页, 32页图版:图 (部分彩图);19cm |
| ISBN 978-7-5082-4176-0:CNY9.50 |
| 本书介绍了用两膜一苫拱棚代替日光温室栽培蔬菜的新技术。内容包括两膜一苫拱棚的建造、两膜一苫拱棚高效益蔬菜种植茬口、蔬菜高产优质栽培十二生态平衡管理技术和两膜一苫拱棚优质蔬菜栽培规程; 并配以68幅彩色照片及简短说明文字, 对两膜一苫拱棚蔬菜栽培的特点及要求作了简要介绍。 |
| ● |
| 相关链接 |
|
|
|
正题名:两膜一苫拱棚种菜新技术
索取号:S626.4/1
 
预约/预借
| 序号 | 登录号 | 条形码 | 馆藏地/架位号 | 状态 | 备注 |
| 1 | 2001445450 | 2001445450 | 516书库/ [索取号:S626.4/1] | 在馆 | |
| 2 | 2001445451 | 2001445451 | 516书库/ [索取号:S626.4/1] | 在馆 | |
| 3 | 2001445452 | 2001445452 | 516书库/ [索取号:S626.4/1] | 在馆 | |
| 4 | 2001445453 | 2001445453 | 516书库/ [索取号:S626.4/1] | 在馆 | |
| 5 | 2001445454 | 2001445454 | 516书库/ [索取号:S626.4/1] | 在馆 | |
| 6 | 2001445455 | 2001445455 | 516书库/ [索取号:S626.4/1] | 在馆 | |
| 7 | 2001445456 | 2001445456 | 516书库/ [索取号:S626.4/1] | 在馆 | |
| 8 | 2001445457 | 2001445457 | 516书库/ [索取号:S626.4/1] | 在馆 | |
| 9 | 2001445458 | 2001445458 | 516书库/ [索取号:S626.4/1] | 在馆 | |
| 10 | 2001445459 | 2001445459 | 516书库/ [索取号:S626.4/1] | 在馆 | |
| 11 | 2001445460 | 2001445460 | 516书库/ [索取号:S626.4/1] | 在馆 | |
| 12 | 2001445461 | 2001445461 | 516书库/ [索取号:S626.4/1] | 在馆 | |
| 13 | 2001445462 | 2001445462 | 516书库/ [索取号:S626.4/1] | 在馆 | |
| 14 | 2001445463 | 2001445463 | 516书库/ [索取号:S626.4/1] | 在馆 | |
| 15 | 2001445464 | 2001445464 | 516书库/ [索取号:S626.4/1] | 在馆 | |
| 16 | 2001445465 | 2001445465 | 516书库/ [索取号:S626.4/1] | 在馆 | |
| 17 | 2001445466 | 2001445466 | 516书库/ [索取号:S626.4/1] | 在馆 | |
| 18 | 2001445467 | 2001445467 | 516书库/ [索取号:S626.4/1] | 在馆 | |
| 19 | 2001445468 | 2001445468 | 516书库/ [索取号:S626.4/1] | 在馆 | |
| 20 | 2001445469 | 2001445469 | 516书库/ [索取号:S626.4/1] | 在馆 | |
| 21 | 2001445470 | 2001445470 | 516书库/ [索取号:S626.4/1] | 在馆 | |
| 22 | 2001445471 | 2001445471 | 516书库/ [索取号:S626.4/1] | 在馆 | |
| 23 | 2001445472 | 2001445472 | 516书库/ [索取号:S626.4/1] | 在馆 | |
| 24 | 2001445473 | 2001445473 | 516书库/ [索取号:S626.4/1] | 在馆 | |
| 25 | 2001445474 | 2001445474 | 516书库/ [索取号:S626.4/1] | 在馆 | |
| 26 | 2001445475 | 2001445475 | 516书库/ [索取号:S626.4/1] | 在馆 | |
| 27 | 2001445476 | 2001445476 | 516书库/ [索取号:S626.4/1] | 在馆 | |
| 28 | 2001445477 | 2001445477 | 516书库/ [索取号:S626.4/1] | 在馆 | |
| 29 | 2001445478 | 2001445478 | 516书库/ [索取号:S626.4/1] | 在馆 | |
| 30 | 2001445479 | 2001445479 | 516书库/ [索取号:S626.4/1] | 在馆 |